| 000 | 00000nam 2200000zi 4500 |
| 001 | 9.922019 |
| 003 | CaOODSP |
| 005 | 20230427122907 |
| 006 | m o d f |
| 007 | cr bn||||||||| |
| 008 | 230427s1975 onca ob f000 0 eng d |
| 040 | |aCaOODSP|beng|erda|cCaOODSP |
| 041 | 0 |aeng|beng|bfre |
| 086 | 1 |aEn42-1/4-75-3E-PDF |
| 086 | 1 |aEn43-4/75-3 |
| 100 | 1 |aKubes, D. J., |eauthor. |
| 245 | 14|aThe BODâ‚… and toxicity of effluents from sulphite pulping for newsprint / |cprepared by D.J. Kubes and A. Wong, Pulp and Paper Research Institute of Canada for the Water Pollution Control Directorate, Environmental Protection Service, Environment Canada. |
| 264 | 1|a[Ottawa] : |bWater Pollution Control Directorate, Environmental Protection Service, Environment Canada, |c1975. |
| 300 | |a1 online resource (v, 18 pages) : |billustrations. |
| 336 | |atext|btxt|2rdacontent |
| 337 | |acomputer|bc|2rdamedia |
| 338 | |aonline resource|bcr|2rdacarrier |
| 490 | 1 |aEnvironmental Protection Service report series |
| 500 | |a"Report no. EPS 4-WP-75-3." |
| 500 | |a"November, 1975." |
| 500 | |aOn cover: Technology development, report EPS 4-WP-75-3. |
| 500 | |aDigitized edition from print [produced by Environment and Climate Change Canada]. |
| 504 | |aIncludes bibliographical references (page 18). |
| 546 | |aIncludes abstracts in English and French. |
| 650 | 0|aSulfite waste liquor|xToxicology. |
| 650 | 0|aBiochemical oxygen demand. |
| 650 | 0|aSulfite pulping process|xEnvironmental aspects. |
| 650 | 6|aLessive de sulfite|xToxicologie. |
| 650 | 6|aDemande biochimique en oxygène. |
| 650 | 6|aPâte à papier|xProcédé au sulfite|xAspect de l'environnement. |
| 710 | 1 |aCanada. |bEnvironmental Protection Service, |eissuing body. |
| 710 | 1 |aCanada. |bWater Pollution Control Directorate, |eissuing body. |
| 830 | #0|aEnvironmental Protection Service report series.|w(CaOODSP)9.866031 |
| 856 | 40|qPDF|s475 KB|uhttps://publications.gc.ca/collections/collection_2023/eccc/en42/En42-1-4-75-3-eng.pdf |